NDU-K Library Catalogue

Girl in a jacket 

Presence : (Record no. 23678)

MARC details
000 -LEADER
fixed length control field 02436cam a2200469 a 4500
001 - CONTROL NUMBER
control field 14266342
003 - CONTROL NUMBER IDENTIFIER
control field OSt
005 - DATE AND TIME OF LATEST TRANSACTION
control field 20260409061041.0
008 - FIXED-LENGTH DATA ELEMENTS--GENERAL INFORMATION
fixed length control field 060215s2005 nyua b 001 0 eng d
010 ## - LIBRARY OF CONGRESS CONTROL NUMBER
LC control number 2006295442
020 ## - INTERNATIONAL STANDARD BOOK NUMBER
International Standard Book Number 038551624X
020 ## - INTERNATIONAL STANDARD BOOK NUMBER
International Standard Book Number 9780385516242
035 ## - SYSTEM CONTROL NUMBER
System control number 14266342
035 ## - SYSTEM CONTROL NUMBER
System control number (OCoLC)61257585
040 ## - CATALOGING SOURCE
Original cataloging agency EB$
Transcribing agency EB$
Modifying agency BAKER
-- JRZ
-- NTE
-- DLC
042 ## - AUTHENTICATION CODE
Authentication code lccopycat
050 00 - LIBRARY OF CONGRESS CALL NUMBER
Classification number HD58.8
Item number .P734 2005
082 04 - DEWEY DECIMAL CLASSIFICATION NUMBER
Classification number 302.35
Edition number 22
245 00 - TITLE STATEMENT
Title Presence :
Remainder of title exploring profound change in people, organizations, and society /
Statement of responsibility, etc. Peter Senge ... [et al.].
250 ## - EDITION STATEMENT
Edition statement 1st Currency ed.
260 ## - PUBLICATION, DISTRIBUTION, ETC.
Place of publication, distribution, etc. New York :
Name of publisher, distributor, etc. Doubleday,
Date of publication, distribution, etc. 2005, c2004.
300 ## - PHYSICAL DESCRIPTION
Extent x, 289 p. :
Other physical details ill. ;
Dimensions 25 cm.
336 ## - CONTENT TYPE
Content type term text
Content type code txt
Source rdacontent
337 ## - MEDIA TYPE
Media type term unmediated
Media type code n
Source rdamedia
338 ## - CARRIER TYPE
Carrier type term volume
Carrier type code nc
Source rdacarrier
500 ## - GENERAL NOTE
General note Was originally published in hardcover by SoL (The Society for Organizational Learning, Inc.) in March 2004.
504 ## - BIBLIOGRAPHY, ETC. NOTE
Bibliography, etc. note Includes bibliographical references (p. 249-261) and index.
505 0# - FORMATTED CONTENTS NOTE
Formatted contents note Introduction: of parts and wholes -- Learning to see. The requiem scenario ; Seeing our seeing ; Seeing from the whole ; Seeing with the heart -- Into the silence. The generative moment ; An emerging understanding ; The eye of the needle: letting go and letting come ; The wedding -- Becoming a force of nature. In the corridor of dreams ; The grand will ; In dialogue with the universe ; Realizing and the craft of institution building -- Meeting our future. Leadership: becomng a human being ; Science performed with the mind of wisdom ; Presence -- Epilogue: "With man gone, will there be hope for gorilla?"
650 #0 - SUBJECT ADDED ENTRY--TOPICAL TERM
Topical term or geographic name entry element Organizational change.
650 #0 - SUBJECT ADDED ENTRY--TOPICAL TERM
Topical term or geographic name entry element Thought and thinking.
650 #0 - SUBJECT ADDED ENTRY--TOPICAL TERM
Topical term or geographic name entry element Organizational learning.
650 #0 - SUBJECT ADDED ENTRY--TOPICAL TERM
Topical term or geographic name entry element Social change.
700 1# - ADDED ENTRY--PERSONAL NAME
Personal name Senge, Peter M.
710 2# - ADDED ENTRY--CORPORATE NAME
Corporate name or jurisdiction name as entry element Society for Organizational Learning.
856 42 - ELECTRONIC LOCATION AND ACCESS
Materials specified Contributor biographical information
Uniform Resource Identifier <a href="http://www.loc.gov/catdir/enhancements/fy0643/2006295442-b.html">http://www.loc.gov/catdir/enhancements/fy0643/2006295442-b.html</a>
856 42 - ELECTRONIC LOCATION AND ACCESS
Materials specified Publisher description
Uniform Resource Identifier <a href="http://www.loc.gov/catdir/enhancements/fy0643/2006295442-d.html">http://www.loc.gov/catdir/enhancements/fy0643/2006295442-d.html</a>
856 41 - ELECTRONIC LOCATION AND ACCESS
Materials specified Sample text
Uniform Resource Identifier <a href="http://www.loc.gov/catdir/enhancements/fy0661/2006295442-s.html">http://www.loc.gov/catdir/enhancements/fy0661/2006295442-s.html</a>
906 ## - LOCAL DATA ELEMENT F, LDF (RLIN)
a 7
b cbc
c copycat
d 2
e ncip
f 20
g y-gencatlg
942 ## - ADDED ENTRY ELEMENTS (KOHA)
Source of classification or shelving scheme Library of Congress Classification
Koha item type Normal Collection
Suppress in OPAC No
Holdings
Withdrawn status Lost status Source of classification or shelving scheme Damaged status Not for loan Home library Current library Date acquired Inventory number Total Checkouts Full call number Barcode Date last seen Price effective from Koha item type
    Library of Congress Classification     International Peace Support Training Centre (IPSTC) International Peace Support Training Centre (IPSTC) 09/04/2026 1027/2010   HD58.8 .S46 2005 200110272010 09/04/2026 09/04/2026 Normal Collection
Copyright © 2026 [National Defence University - Kenya]. All rights reserved.